00315nam a2200109 4500020001800000082002300018100001700041245007200058250001800130260004900148300000800197 a9786245786091 a595.77 GAJb007610 aGajapathy,K. aSandfly taxonomy and Pictorial Illustration of Sri Lankan Sandflies aFirst Edition aSri LankabNational Science Foundationc2021 a116